000 00289nam a2200133 i 4500
001 bg
100 1 _aLIPPERT, Georg
245 0 _aBauten Buildings /
_cG. Lippert.
260 _aBasel,
_c1967.
040 _cBPK
041 _apol
942 _cKS
008 s pl f |000 0 pol
999 _c8527
_d8527
856 _uhttp://koha.tu.koszalin.pl/cgi-bin/koha/opac-detail.pl?biblionumber=8527
_yKatalog online BPK